Administrative Counties (Second-Level Subdivisions) of the United Kingdom with a Map - Statistics

General Stats
  • This quiz has been taken 2,076 times
  • The average score is 74 of 217
Answers on the Map
Answers color-coded by a green-red scale on the quiz's map according to % correct below.
 
Answer Stats
Country County % Correct
England City of London
86%
England Manchester
81%
England Cornwall
80%
Scotland Glasgow
80%
England North Yorkshire
80%
Scotland Edinburgh
78%
England Liverpool
78%
Northern Ireland Belfast
76%
Wales Cardiff
76%
England York
75%
England Birmingham
74%
England Essex
72%
Scotland Aberdeen
71%
England Bristol
71%
England Oxfordshire
70%
England Newcastle upon Tyne
69%
England Cambridgeshire
68%
England Kent
68%
England Leeds
68%
England Isle of Wight
67%
England Nottingham
66%
England Nottinghamshire
66%
England Devon
65%
Northern Ireland Derry City and Strabane
64%
England Leicester
64%
England Leicestershire
64%
England Norfolk
64%
Scotland Highland
63%
Wales Swansea
62%
England Kingston upon Hull
61%
England Lincolnshire
61%
England Suffolk
61%
England Sheffield
60%
England Southampton
60%
England Hampshire
59%
England Lancashire
59%
England Northumberland
59%
England Derby
58%
England Derbyshire
58%
England Brighton and Hove
57%
England Cumbria
57%
England Plymouth
57%
England East Sussex
56%
England Gloucestershire
56%
England Somerset
56%
England West Sussex
55%
England Buckinghamshire
54%
England Worcestershire
54%
England Portsmouth
53%
England County Durham
52%
Scotland Dundee
52%
England East Riding of Yorkshire
52%
England Dorset
51%
England Surrey
51%
England Herefordshire
50%
England Hertfordshire
49%
England Bath and North East Somerset
48%
England Cheshire West and Chester
48%
England Blackpool
47%
England Kensington and Chelsea
47%
England Coventry
45%
England Warwickshire
45%
England Westminster
45%
England Bedford
44%
England Reading
44%
England Rutland
44%
England Shropshire
44%
Wales Isle of Anglesey
43%
England Sunderland
43%
England Wolverhampton
43%
England Bournemouth, Christchurch and Poole
42%
Wales Newport
42%
England Stoke-on-Trent
42%
England Wiltshire
42%
England Staffordshire
41%
England Bradford
40%
England Kingston upon Thames
39%
England Luton
38%
England Middlesbrough
38%
Scotland Shetland Islands
36%
England Southend-on-Sea
36%
Wales Wrexham
35%
Scotland Orkney Islands
34%
Scotland Stirling
34%
England Peterborough
33%
Scotland Aberdeenshire
32%
Northern Ireland Armagh City, Banbridge and Craigavon
32%
England Hammersmith and Fulham
32%
England Milton Keynes
32%
Wales Powys
32%
England Blackburn with Darwen
31%
Northern Ireland Newry, Mourne and Down
31%
Wales Pembrokeshire
31%
Northern Ireland Antrim and Newtownabbey
30%
England Bolton
30%
Scotland Fife
30%
England Greenwich
30%
England Swindon
30%
England Windsor and Maidenhead
30%
England Croydon
29%
England Doncaster
29%
Scotland East Lothian
29%
Scotland Midlothian
29%
Scotland West Lothian
29%
England Islington
28%
England Slough
28%
England Camden
27%
Wales Monmouthshire
26%
England Salford
26%
England Brent
25%
Northern Ireland Fermanagh and Omagh
25%
Wales Gwynedd
25%
Scotland Scottish Borders
25%
England Wigan
25%
Wales Ceredigion
24%
Scotland Dumfries and Galloway
24%
England Oldham
24%
Wales Vale of Glamorgan
24%
Scotland Angus
23%
England Barking and Dagenham
23%
Scotland Falkirk
23%
England Hartlepool
23%
Scotland Moray
23%
England Telford and Wrekin
23%
England Warrington
23%
England Bromley
22%
Wales Flintshire
22%
Scotland North Ayrshire
22%
Scotland South Ayrshire
22%
England Stockport
22%
England Sutton
22%
England Darlington
21%
England Harrow
21%
England Rotherham
21%
England Southwark
21%
England Tower Hamlets
21%
England Wakefield
21%
Scotland Argyll and Bute
20%
Wales Carmarthenshire
20%
England Ealing
20%
Scotland East Ayrshire
20%
England Gateshead
20%
England Hounslow
20%
England Lambeth
20%
Wales Neath Port Talbot
20%
England Solihull
20%
Scotland South Lanarkshire
20%
England Stockton-on-Tees
20%
England Wirral
20%
England Bury
19%
Wales Conwy
19%
England Dudley
19%
England Hackney
19%
Scotland North Lanarkshire
19%
England Redcar and Cleveland
19%
Scotland Renfrewshire
19%
England Rochdale
19%
England St. Helens
19%
England Barnet
18%
England Barnsley
18%
England Cheshire East
18%
Scotland Inverclyde
18%
England Lewisham
18%
Wales Merthyr Tydfil
18%
England Walsall
18%
Wales Blaenau Gwent
17%
Scotland Clackmannanshire
17%
Wales Denbighshire
17%
England Enfield
17%
England Newham
17%
Wales Rhondda Cynon Taf
17%
England Bexley
16%
Wales Caerphilly
16%
Scotland East Dunbartonshire
16%
Scotland East Renfrewshire
16%
England Hillingdon
16%
Northern Ireland Lisburn and Castlereagh
16%
England North Lincolnshire
16%
England North Somerset
16%
Scotland Perth and Kinross
16%
England Redbridge
16%
England West Berkshire
16%
Scotland West Dunbartonshire
16%
Wales Bridgend
15%
England Haringey
15%
England Medway
15%
England Merton
15%
England South Gloucestershire
15%
England Isles of Scilly
14%
England North Northamptonshire
14%
England Torbay
14%
England Wandsworth
14%
England West Northamptonshire
14%
England Havering
13%
England North East Lincolnshire
13%
England Richmond upon Thames
13%
England Waltham Forest
13%
England North Tyneside
12%
England South Tyneside
12%
Wales Torfaen
12%
England Trafford
12%
England Thurrock
11%
Northern Ireland Ards and North Down
10%
England Kirklees
10%
England Sandwell
10%
England Sefton
10%
England Wokingham
10%
England Central Bedfordshire
9%
England Halton
9%
England Knowsley
9%
Northern Ireland Mid Ulster
9%
Scotland Na h-Eileanan Siar
9%
England Bracknell Forest
8%
England Calderdale
8%
Northern Ireland Causeway Coast and Glens
8%
England Tameside
8%
Northern Ireland Mid and East Antrim
7%
No matching quizzes found
Score Distribution
Percent of People with Each Score
Percentile by Number Answered
Your Score History
You have not taken this quiz